000 01007cab a2200313 4500
001 ABS59111
008 090401t1998 xxu||||| |||| 00| 0 eng d
035 _a(Sirsi) u87425
041 _aeng
100 _aLee-Wright, M.
245 _aPoor planning could slaughter livestock markets
260 _c1998
350 _a0
490 _aProperty Week
_v63(11) 3 July 1998, 34(1)
520 _aConsiders the future of livestock markets, following the closure of Banbury livestock market. Discusses the rural economy, relocation and redevelopment, centralisation of distribution and centralisation of abattoirs and the need for planning guidance.
650 _aABATTOIRS
650 _aBSE
650 _aCENTRALISED DISTRIBUTION
650 _aLEISURE
650 _aLIVESTOCK MARKETS
650 _aPLANNING AUTHORITIES
650 _aREDEVELOPMENT
650 _aRELOCATION
650 _aRETAIL
650 _aRURAL ECONOMY
690 _aRURAL PRACTICE
942 _n0
948 _c16/07/1998
999 _c55133
_d55133